Animali con la "N" - Statistics

Statistiche generali
  • Questo quiz è stato fatto 105 volte
  • Il punteggio medio è 3 su 15
Statistiche sulle risposte
suggerimento risposta % Corretto
è un cetaceo con un lungo corno. Vive nei mari del circolo polare artico. Cacciato dagli eschimesi, permette loro di avere un apporto di vitamina C indispensabile Narvalo
79%
detto anche castorino è un mammifero roditore. Originario del Sud America ma diffuso ora a causa dell'uomo in tutto il mondo per via della sua pelliccia, è una tra le 100 specie aliene più dannose al mondo Nutria
60%
è un uccello rapace diffuso anche in Italia Nibbio
52%
è un pesce d'acqua salata. Lo troviamo principalmente nel Mediterraneo e sulla costa dell'Europa e del Nord Africa Nasello
51%
è una specie di pipistrello Nottola
33%
sono i più grandi uccelli dell'America Latina non capaci di volare. Vivono nelle praterie del Sud del Brasile e della Patagonia Nandù
17%
Il suo nome scientifico è Nasalis larvatus Nasica
15%
è un'antilope sudafricana Nyala
6%
è un airone di medie dimensioni di colore bianco, caratterizzato da un collo corto diffuso in tutto il mondo tranne in Oceania Nitticora
4%
detta anche la Civetta delle Palme africane Nandinia
2%
è un marsupiale di piccole dimensioni presente nell'Australia del Nord Nabarlek
1%
sono dei molluschi diffusi in mare aperto dalla superficie fino ad una profondità di 500 metri Nautilo
1%
è un mammifero artiodattilo originario del subcontinente indiano con una lunghezza complessiva di 2 metri. Nilgai/antilopeazzurra
1%
è un'antilope dell'India Nilgau
1%
Animali vermiformi di ambiente marino e qualche specie di acqua dolce Nemertino
0%
Nessun quiz corrispondente trovato
Distribuzione punteggi
Percentuale di utenti per punteggio
Percentile per numero di risposta
I tuoi punteggi nel tempo
Non hai fatto questo quiz